00543nam a2200109 a 4500040000800000082002600008245027000034260007500304300002900379650001200408710001300420 cDLC00a363 MIN 1979 A072 Or.00a1974 population and housing census of Liberia :bhousing characteristics of major areas, Liberia and major administrative divisions HC-1 : data on households by socio-economic characteristics, households by civic amenities, structures by building material and type. aMonrovia, Liberia :bMinistry of Planning and Economic Affairs,c1979. a129 p. :bill. ;c28 cm. 0aHousing1 aLiberia.